Statistiques concernant Colonisation africaine par l'Europe quiz

Cliquez ici pour prendre le quiz!

Statistiques générales

  • Ce quiz a été pris 478 fois
  • Le résultat moyen est 32 sur 44

Statistiques - réponses

Pays AfricainsPays Européens% Correct
MarocFrance
99%
AlgérieFrance
97%
Afrique du sudAngleterre
94%
TunisieFrance
92%
Rép. dém. du CongoBelgique
91%
ÉgypteAngleterre
88%
MadagascarFrance
88%
GabonFrance
87%
Côte d'ivoireFrance
87%
SénégalFrance
86%
MaliFrance
86%
AngolaPortugal
85%
SoudanAngleterre
84%
CentrafriqueFrance
84%
GuinéeFrance
83%
MauritanieFrance
83%
TchadFrance
81%
KenyaAngleterre
79%
BéninFrance
75%
République du CongoFrance
74%
SomalieItalie / Angleterre
74%
OugandaAngleterre
73%
BotswanaAngleterre
71%
NigerFrance
70%
LibyeItalie
70%
MozambiquePortugal
70%
Soudan du sudAngleterre
69%
NigériaAngleterre
67%
ÉrythréeItalie
67%
CamerounAllemagne
66%
SwazilandAngleterre
66%
ZimbabweAngleterre
66%
NamibieAllemagne
65%
GhanaAngleterre
65%
Guinée-BissauPortugal
65%
ZambieAngleterre
63%
GambieAngleterre
60%
TanzanieAllemagne
56%
TogoAllemagne
55%
Guinée ÉquatorialeEspagne
53%
LesothoAngleterre
52%
Sahara occidentalEspagne
45%
RwandaAllemagne
40%
BurundiAllemagne
37%

Distribution des résultats

Percentile par nombre de réponses

% des personnes avec chaque résultat

Votre développement - résultats

Vous n’avez pas pris ce quiz